[Event "Donostia-A playoff"]
[Site "San Sebastian"]
[Date "2009.07.16"]
[Round "1"]
[White "Ponomariov, Ruslan"]
[Black "Nakamura, Hikaru"]
[Result "0-1"]
[WhiteElo "2727"]
[BlackElo "2710"]
[PlyCount "60"]
[EventDate "2009.07.16"]
[EventType "match (blitz)"]
[EventRounds "2"]
[EventCountry "ESP"]
[SourceTitle "CBM 131 Extra"]
[Source "ChessBase"]
[SourceDate "2009.09.03"]
[SourceVersion "2"]
[SourceVersionDate "2009.09.16"]
[SourceQuality "1"]

1. d4 d5 2. c4 c6 3. Nf3 Nf6 4. Nc3 dxc4 5. a4 Bf5 6. e3 e6 7. Bxc4 Nbd7 8. O-O
Bb4 9. Qe2 Bg6 10. e4 O-O 11. Bd3 Bh5 12. Bf4 c5 13. e5 Bxc3 14. bxc3 Nd5 15.
Bd2 cxd4 16. cxd4 Nb8 17. h3 Nc6 18. g4 Bg6 19. Bb5 Rc8 20. Rfc1 Nde7 21. Kg2
Nxd4 22. Nxd4 Qxd4 23. Qe3 Qxe3 24. Bxe3 a6 25. Bf1 Bc2 26. Kg3 Nd5 27. Bd2 Rc7
28. a5 Rd8 29. Ra2 Rdc8 30. Rb2 h6 0-1

[Event "Villarrobledo op 24th"]
[Site "Villarrobledo"]
[Date "2009.07.26"]
[Round "8"]
[White "Ponomariov, Ruslan"]
[Black "Bacrot, Etienne"]
[Result "1/2-1/2"]
[WhiteElo "2727"]
[BlackElo "2721"]
[PlyCount "62"]
[EventDate "2009.07.25"]
[EventType "swiss (rapid)"]
[EventRounds "9"]
[EventCountry "ESP"]
[SourceTitle "CBM 131 Extra"]
[Source "ChessBase"]
[SourceDate "2009.09.03"]
[SourceVersion "2"]
[SourceVersionDate "2009.09.16"]
[SourceQuality "1"]

1. d4 Nf6 2. c4 e6 3. Nc3 Bb4 4. e3 O-O 5. Nge2 d5 6. a3 Be7 7. cxd5 exd5 8.
Nf4 a5 9. Bd3 c6 10. O-O Re8 11. f3 c5 12. dxc5 Bxc5 13. Nfxd5 Nxd5 14. Nxd5
Be6 15. Nf4 Qb6 16. Kh1 Nc6 17. Qc2 h6 18. Nxe6 Rxe6 19. Bc4 Rd6 20. e4 Rad8
21. Bf4 R6d7 22. e5 Nd4 23. Qe4 Qxb2 24. Rab1 Qxa3 25. Rxb7 Rxb7 26. Qxb7 Ne6
27. Bg3 Qa4 28. Qe4 Rd4 29. Qa8+ Rd8 30. Qe4 Rd4 31. Qa8+ Rd8 1/2-1/2

[Event "Zuerich Champions sim"]
[Site "Zuerich"]
[Date "2009.08.23"]
[Round "1"]
[White "Ponomariov, Ruslan"]
[Black "Maeser, Pascal"]
[Result "1-0"]
[WhiteElo "2727"]
[BlackElo "2235"]
[PlyCount "79"]
[EventDate "2009.08.23"]
[EventType "simul"]
[EventRounds "1"]
[EventCountry "SUI"]
[SourceTitle "CBM 131 Extra"]
[Source "ChessBase"]
[SourceDate "2009.09.03"]
[SourceVersion "2"]
[SourceVersionDate "2009.09.16"]
[SourceQuality "1"]

1. e4 e6 2. d4 d5 3. Nd2 c5 4. Ngf3 Nc6 5. exd5 exd5 6. Bb5 Bd6 7. dxc5 Bxc5 8.
O-O Nge7 9. Nb3 Bb6 10. Re1 O-O 11. Bg5 h6 12. Bh4 f6 13. Nfd4 Nxd4 14. Nxd4
Bxd4 15. Qxd4 Nf5 16. Qa4 Qb6 17. Bg3 a6 18. Bd3 Nxg3 19. hxg3 Qxb2 20. Qa5 Qd4
21. Qc7 b5 22. Re7 f5 23. Rae1 Qf6 24. R1e5 d4 25. f4 Kh8 26. a3 Qg6 27. Kf2
Qf6 28. Qc5 h5 29. Qxd4 Rb8 30. Be2 h4 31. Qe3 Rb7 32. Re8 Rbf7 33. Qc5 hxg3+
34. Kxg3 Bb7 35. Bh5 g6 36. R8e6 gxh5 37. Rxf6 Rxf6 38. Qd4 Be4 39. Kh4 R8f7
40. Re6 1-0

[Event "Moscow Tal Memorial 4th"]
[Site "Moscow"]
[Date "2009.11.10"]
[Round "5"]
[White "Svidler, Peter"]
[Black "Ponomariov, Ruslan"]
[Result "1/2-1/2"]
[WhiteElo "2754"]
[BlackElo "2739"]
[Annotator "Marin,M"]
[PlyCount "61"]
[EventDate "2009.11.05"]
[EventType "tourn"]
[EventRounds "9"]
[EventCountry "RUS"]
[EventCategory "21"]
[SourceTitle "CBM 133"]
[Source "ChessBase"]
[SourceDate "2009.11.19"]
[SourceVersion "1"]
[SourceVersionDate "2009.11.19"]
[SourceQuality "1"]

1. e4 e5 2. Nf3 Nc6 3. Bb5 Nf6 4. O-O Nxe4 5. d4 Nd6 6. Bxc6 dxc6 7. dxe5 Nf5
8. Qxd8+ Kxd8 9. Nc3 h6 10. h3 Bd7 11. b3 Kc8 12. Bb2 b6 13. Rad1 c5 14. Nd5 a5
15. a4 c4 16. g4 {If White plans to break with e6, it makes sense to drive the
knight away at once.} ({Here is a concrete justification:} 16. e6 fxe6 17. Nf4
cxb3 18. cxb3 Bd6 19. Ng6 Rg8 20. Nfe5 Be8 21. g4 Bxe5 22. Nxe5 Ne7 23. Rfe1
Nd5 $132 {[%csl Gf4] Stellwagen,D (2605)-Efimenko,Z (2680)/Germany 2008/CBM
126 Extra (1/2, 78). Now that there is a pawn on e6, the knight can safely
land on d5.}) 16... Ne7 17. Nf4 Nc6 $5 $146 {The d5-square is not available
yet and the knight has to move to a less favourable location, in order to open
the diagonal for the undeveloped f8-bishop. The only question is whether it
makes sense to exchange on b3 previously.} (17... cxb3 18. cxb3 Nc6 {was
played in a recent game.} 19. e6 ({Probably Ponomariov feared that White could
make use of the d3-square with} 19. Rd3 {[%cal Gf1d1] and if} Nb4 {then} 20.
Rd2 $14 {, when ...Bb4 is not possible any more.}) 19... fxe6 20. Ne5 Nxe5 21.
Bxe5 Rh7 22. Ng6 Bc5 23. Kg2 Be8 24. Nf4 Bd7 25. Ng6 Be8 {1/2 Adams,M (2682)
-Bacrot,E (2709)/Novi Sad 2009}) 18. e6 fxe6 19. Ng6 Rg8 20. Nfe5 Nxe5 (20...
Be8 $5 {would maintain the tension.} 21. Nxf8 (21. Nxc6 $6 Bxg6 $15 {[%csl Gc2]
}) (21. Rfe1 Nxe5 22. Nxe5 cxb3 23. cxb3 g5 $15) 21... Nxe5 22. Nxe6 Nf3+ 23.
Kg2 Bc6 24. Kg3 g5 25. Nd4 $11) 21. Nxe5 Be8 22. Nxc4 b5 $132 23. axb5 Bxb5 24.
Rd4 a4 25. Ra1 Rb8 26. Ba3 axb3 27. cxb3 Bxc4 28. bxc4 Ra8 29. Bb2 Rxa1+ 30.
Bxa1 Bd6 31. Re4 1/2-1/2

[Event "Moscow Tal Memorial 4th"]
[Site "Moscow"]
[Date "2009.11.12"]
[Round "7"]
[White "Ponomariov, Ruslan"]
[Black "Leko, Peter"]
[Result "1/2-1/2"]
[WhiteElo "2739"]
[BlackElo "2752"]
[Annotator "Marin,M"]
[PlyCount "61"]
[EventDate "2009.11.05"]
[EventType "tourn"]
[EventRounds "9"]
[EventCountry "RUS"]
[EventCategory "21"]
[SourceTitle "CBM 133"]
[Source "ChessBase"]
[SourceDate "2009.11.19"]
[SourceVersion "1"]
[SourceVersionDate "2009.11.19"]
[SourceQuality "1"]

1. d4 Nf6 2. c4 e6 3. g3 d5 4. Bg2 Be7 5. Nf3 O-O 6. O-O dxc4 7. Qc2 a6 8. Qxc4
b5 9. Qc2 Bb7 10. Bd2 Be4 11. Qc1 Bb7 12. Bf4 Nd5 13. Nc3 Nxf4 14. Qxf4 Nd7 15.
Rfd1 Bd6 16. Qe3 Nb6 17. Qd3 {A new move, delaying the exchange of the
light-squared bishops and aiming to cause Black some difficulties with the
opening of the centre.} (17. Ne5 {has been universally played so far.}) 17...
c5 18. dxc5 Bxc5 19. Qxd8 Rfxd8 20. Ne5 Bxg2 21. Kxg2 f5 $5 {Not a typical
move. Apparently, Black weakens his kingside, but his excellent development
allows him to avoid troubles. The control of the e4-square is essential in
view of the threatened Ne4.} ({White may have relied on} 21... Rac8 22. Rxd8+
Rxd8 23. Ne4 {with problems for Black.} Bf8 (23... Be7 $6 {[%csl Gg5][%cal
Gf7f5]} 24. Nc6 Rd7 25. Nxe7+ Rxe7 26. Rc1 $16) (23... Rd5 24. Nd3 Bf8 25. Rc1
$14) 24. Rc1 Rc8 25. Rxc8 Nxc8 26. Nc6 $14 {Black will soon have to advance
his pawns (Nb8-c6), exposing them to the attack of the white king.}) 22. e3
Rac8 23. Rxd8+ Rxd8 24. Rc1 Rc8 25. Ne2 Bd6 26. Rxc8+ Nxc8 27. Nc6 Kf7 28. f4
Ke8 29. Kf3 Kd7 30. Ncd4 Ne7 31. e4 1/2-1/2

[Event "World Cup"]
[Site "Khanty-Mansiysk"]
[Date "2009.11.28"]
[Round "3.2"]
[White "Motylev, Alexander"]
[Black "Ponomariov, Ruslan"]
[Result "1/2-1/2"]
[WhiteElo "2695"]
[BlackElo "2739"]
[Annotator "Kritz,L"]
[PlyCount "95"]
[EventDate "2009.11.21"]
[EventType "k.o."]
[EventRounds "7"]
[EventCountry "RUS"]
[SourceTitle "CBM 134"]
[Source "ChessBase"]
[SourceDate "2010.01.18"]
[SourceVersion "1"]
[SourceVersionDate "2010.01.18"]
[SourceQuality "1"]

1. e4 e5 2. Nf3 Nc6 3. Bb5 Nf6 4. O-O (4. d3 {ist eine alternative Fortsetzung.
Man bekommt spielbare Stellungen, doch keinen Eröffnungsvorteil.} Bc5 (4... d6
$5 5. O-O Be7 6. c3 O-O 7. Re1 a6 8. Ba4 b5 9. Bc2 Re8 $132 {Es entsteht ein
typischer Spanier mit d3.}) 5. Bxc6 (5. O-O d6 6. c3 O-O 7. Nbd2 a6 8. Ba4 Ba7
$132 {Wiederum hat Schwarz wenig zu befürchten.}) 5... dxc6 6. Be3 Qe7 (6...
Bxe3 $2 {verbessert die weiße Bauernstruktur und öffnet die f-Linie.} 7. fxe3
Qe7 8. O-O Ng4 9. Qd2 f6 10. Nh4 g6 11. Nc3 Bd7 12. Rf3 f5 13. g3 Nf6 14. exf5
g5 15. Ng2 e4 16. Nxe4 Nxe4 17. dxe4 O-O-O 18. Qa5 $16 {Sutovsky - Carlsen 
(Crete, 2007)}) 7. Bxc5 Qxc5 8. Nc3 Bg4 9. h3 Bxf3 10. Qxf3 O-O {Schwarz hat
keine Schwierigkeiten.} 11. O-O-O a5 12. Qf5 Rfd8 13. Rhf1 a4 14. a3 b5 $132 {
Sutovsky - Aronian (Caleta, 2005)}) 4... Nxe4 5. d4 (5. Re1 {Das ist eine
bekannte Remisvariante:} Nd6 6. Nxe5 Nxe5 7. Rxe5+ Be7 8. Bf1 (8. Bd3 O-O 9.
Nc3 c6 10. b3 Ne8 11. Bb2 d5 12. Qh5 Nf6 13. Qh4 Be6 $11) 8... O-O 9. d4 Bf6
10. Re1 Nf5 11. c3 d5 $11 {Bei symmetrischer Bauernstruktur ist das Maximum,
was beide Seiten erreichen können, der kollektive Abtausch aller Figuren.})
5... Nd6 6. Bxc6 dxc6 7. dxe5 Nf5 8. Qxd8+ Kxd8 9. Nc3 h6 (9... Ke8 10. h3 Be7
11. g4 (11. Bg5 Bxg5 12. Nxg5 h6 $1 {Es is wichtig, den gegnerischen Springer
gleich zu vertreiben.} 13. Nf3 h5 14. Rad1 (14. Ne2 Ke7 15. Nf4 g6 $1 16. Rad1
Ng7 17. Rfe1 Rd8 18. Rxd8 Kxd8 19. Ng5 Ke7 20. Rd1 a5 21. a4 Bf5 $132 {Timman
- Kritz (Amsterdam, 2002)}) 14... Ke7 $11) 11... Nh4 12. Nxh4 Bxh4 13. Kg2 h5
14. f3 Be6 $11 {Die schwarze Stellung ist zwar passiv, aber nicht zu brechen.})
10. h3 (10. Rd1+ {Das Problem dieses Zuges ist, dass Weiß eigentlich den
anderen Turm nach d1 stellen sollte.} Ke8 11. h3 a5 12. Bf4 Be6 13. g4 Ne7 14.
Nd4 Nd5 15. Nce2 Bc5 16. Nxe6 fxe6 17. c4 Nb6 18. b3 a4 $132 {Kasparov -
Kramnik (London, 2000)}) (10. b3 $5 {Es macht Sinn, Zeit am Zug h3 zu sparen,
wenn man nicht mit g4 spielen will.} Bd7 11. Bb2 Kc8 12. Rad1 b6 13. Rd3 (13.
Ne2 c5 14. c4 Bc6 $11 {Kasparov - Kramnik (London, 2000)}) 13... Ne7 14. Rfd1 {
Weiß entwickelt nun eine unangenehme Initiative.} Bf5 15. Rd8+ Kb7 16. Rxa8
Kxa8 17. Nd4 Bg4 18. Nce2 c5 19. h3 Bc8 20. Nb5 Kb7 21. Nf4 $36 {Bruzon
Batista - Mitkov (Merida, 2008)}) 10... Bd7 11. b3 (11. Bf4 $5 Kc8 12. Rad1 $1
(12. a3 $2 {ist einfach zu langsam.} b6 13. Rad1 Ne7 14. Rfe1 c5 $132 {Motylev
- Ponomariov (Motril, 2008). Schwarz plant Bc6-Kb7 mit guter Stellung.}) 12...
b6 13. Rd3 Be6 14. Rfd1 Kb7 15. b3 $14 {und Schwarz hatte Probleme mit seiner
Entwicklung in Anand - Topalov (Monte Carlo, 2005)}) 11... Kc8 12. Bb2 b6 13.
Rad1 c5 (13... Ne7 {gilt als Hauptzug. Weiß hat nun mehrere
Fortsetzungsmöglichkeiten.} 14. Rd2 {Sieht am logischsten aus, aber auch
andere Ideen sind interessant.} (14. Ne2 Ng6 15. Ng3 (15. Ne1 h5 16. Nd3 c5 17.
c4 a5 18. a4 h4 $11 {Kasparov - Kramnik (London, 2000)}) 15... Nf4 16. Nd4 a5
17. a4 b5 18. Kh2 bxa4 19. bxa4 Nd5 20. Rd3 Nb6 $132 {Shirov - Kramnik (Astana,
2001)}) (14. Nd4 $5 c5 15. Nde2 a5 16. Rd2 Nc6 17. Rfd1 Be6 18. Nf4 Bf5 19. g4
$1 $16 {Efimenko - Naiditsch (Subotica, 2008)}) 14... c5 15. Rfd1 Be6 16. Ne2
g5 $132 {Anand - Kramnik (Mainz, 2001)}) 14. Rfe1 ({Nach} 14. Nd5 a5 $1 15. a4
c4 $1 {wurde Weiß praktisch gezwungen, den Bauern zu opfern:} 16. e6 fxe6 17.
Nf4 cxb3 18. cxb3 Bd6 19. Ng6 Rg8 20. Nfe5 Be8 $15 {, wonach Schwarz eindeutig
besser stand in Stellwagen - Efimenko (Wattenscheid, 2008)}) 14... a5 $5 $146 {
Der Zug ist vielleicht nicht schlecht, aber mir gefällt die sofortige
Überführung des Springers nach g6 besser.} (14... Ne7 {Die Überführung des
Springers nach g6 ist ein typisches Manöver - von dort aus kontrolliert er das
Feld f4.} 15. Nd2 (15. Ne2 Ng6 $11 {Leko - Jakovenko (Jermuk, 2009)}) 15... Be6
16. Nde4 c4 17. Kh2 cxb3 18. cxb3 Ng6 19. Nb5 Bd7 20. Nec3 Bc5 21. Ba3 Bxa3 22.
Nxa3 Re8 $11 {Motylev - Volokitin (Wijk aan Zee, 2009)}) 15. a4 {Weiß kann es
sich vielleicht erlauben, Schwarz a5-a4 spielen zu lassen.} (15. g4 $5 Ne7 16.
Nd2 h5 17. f3 a4 18. Kg2 $14) 15... Ne7 {Nachdem die Züge a5 und a4 gespielt
wurden, ist es sogar noch besser für Schwarz.} 16. Ne2 Ng6 17. h4 $2 {Es ist
unglaublich, dass man solch einen Zug nochmal spielt, nachdem man in der
Partie Leko - Jakovenko schon gesehen hatte, dass die Aufgabe der weißen
Felder nur zum Nachteil führen kann.} h5 (17... Bg4 18. Nh2 Bf5 19. h5 Ne7 20.
Rd2 Nc6 21. g4 Bh7 22. f4 $14) 18. g3 $2 {Wenn man "A" sagt, muss man auch "B"
sagen. Die einzige prinzipielle Fortsetzung ist Ng5} (18. Ng5 Be7 $1 19. Nxf7 (
19. e6 fxe6 20. Ng3 Bxg5 21. hxg5 h4 22. Ne4 e5 $11) 19... Rf8 20. Ng5 Bf5 $1
$132) 18... Be7 $11 {Schwarz hat mindestens ausgeglichen, ich wuerde seine
Stellung sogar als etwas aussichtsreicher einschätzen.} 19. c4 Bf5 {Die weißen
Felder im Lager von Weiß sehen furchtbar schwach aus.} 20. Nc3 Kb7 (20... Bc2
21. Rc1 Bxb3 (21... Bf5 22. Nd5 $11) 22. Nd2 $18) 21. Nd2 (21. Nd5 $2 Bc2 22.
Rc1 Bxb3 $17 {Der Bauer a4 ist nicht gedeckt - der Läufer kann nicht gefangen
genommen werden.}) 21... c6 22. Nf1 (22. Nde4 $4 Nxe5 $19) (22. Nce4 Rad8 $15 {
/\Rd3}) 22... Bg4 23. Rc1 Rad8 $15 {Schwarz hat eindeutig die Initiative
übernommen.} 24. Nd1 Rhe8 25. Nde3 Rd3 26. Bc3 (26. Nxg4 Rxb3 27. Rc2 hxg4 $15)
(26. Rc3 $4 Nxe5 $19) 26... Bc8 $1 {Den Läufer sollte man behalten.} 27. Nd1
Nf8 {Schwarz überführt den Springer nach d4.} 28. f4 Ne6 29. Nf2 Rdd8 30. Ne4
Nd4 31. Nfd2 Bf5 32. Kf2 Rd7 (32... f6 $5 {sieht sehr gefährlich für Weiß aus:}
33. exf6 gxf6 $17) 33. Nf6 $1 {Vielleicht die beste Chance. Ansonsten würde
Schwarz langsam aber sicher seinen gewaltigen positionellen Vorteil verwerten.}
Bxf6 (33... gxf6 $2 34. exf6 $11) 34. exf6 Rxe1 35. Rxe1 gxf6 36. Ne4 Bxe4 37.
Rxe4 f5 {Gibt den großen Teil des Vorteils weg.} (37... Nxb3 38. Bxf6 Nd2 39.
Re5 (39. Re7 Rxe7 40. Bxe7 f5 $19) 39... Kc7 40. Bh8 Nxc4 41. Rxh5 Rd2+ 42. Kf3
Rd3+ 43. Kf2 Kd7 44. Rg5 Nd6 $17 {Die Chancen von Schwarz sind viel größer.})
38. Re8 (38. Re5 $5 f6 39. Re8 Nxb3 40. Rh8 $132) 38... Nxb3 39. Rh8 Nd2 $2 {
Ein Fehler, der zum Remis führt.} (39... Rd3 $1 {würde sehr wahrscheinlich
gewinnen. Ponomariov wollte wohl kein Risiko eingehen.} 40. Be5 Nd2 41. Rxh5
Ne4+ 42. Ke1 f6 43. Rh7+ Ka6 44. Bb8 b5 45. axb5+ cxb5 46. cxb5+ Kxb5 47. h5 a4
48. h6 a3 49. Ra7 Rxg3 50. h7 Rh3 $19) 40. Bxd2 Rxd2+ 41. Ke3 Rd6 (41... Ra2
42. Rxh5 Ra3+ 43. Kf2 Rxa4 44. Rxf5 Rxc4 45. Rxf7+ Ka6 46. h5 $13 {Die Anzahl
der Bauern spielt keine Rolle - das entstandene Endspiel ist voll verrückt.})
42. Rxh5 Rf6 43. Rh8 b5 44. Rd8 Kc7 45. Rd2 b4 46. Kf3 Rd6 47. Rxd6 Kxd6 48.
Ke3 1/2-1/2